[Event "Barcelona Sant Marti op 21st"]
[Site "Barcelona"]
[Date "2019.07.19"]
[Round "7"]
[White "Andreev, Stanislav"]
[Black "Diaz Hernandez, Heriberto"]
[Result "0-1"]
[WhiteElo "2169"]
[BlackElo "2353"]
[PlyCount "80"]
[EventDate "2019.07.13"]
[EventType "swiss"]
[EventRounds "9"]
[EventCountry "ESP"]
[SourceTitle "EXT 2020"]
[Source "ChessBase"]
[SourceDate "2019.10.17"]
[SourceVersion "1"]
[SourceVersionDate "2019.10.17"]
[SourceQuality "1"]

1. d4 d5 2. c4 c6 3. Nc3 Nf6 4. cxd5 cxd5 5. Bf4 Nc6 6. e3 Bf5 7. Qb3 Na5 8. Qa4+ Bd7 9. Qc2 Rc8 10. Bd3 b5 11. a3 a6 12. h3 g6 13. Nf3 Bg7 14. Ne5 Be6 15. 0-0 0-0 16. g4 Nd7 17. Nf3 f6 18. Bg3 Bf7 19. Rfb1 e5 20. Bf1 Qb6 21. b4 Nc4 22. a4 f5 23. axb5 axb5 24. g5 f4 25. exf4 exd4 26. Nd1 Ne3 27. Qd3 Nxf1 28. Qxf1 Rc4 29. Nb2 Rxb4 30. Nd3 Rxb1 31. Rxb1 Be6 32. Nde5 Nxe5 33. Nxe5 Rb8 34. Kh2 Bf5 35. Rb2 b4 36. f3 b3 37. Bf2 Rc8 38. Qg1 Rc2 39. Rxc2 bxc2 40. Bxd4 c1Q 0-1

[Event "Barcelona Sant Marti op 21st"]
[Site "Barcelona"]
[Date "2019.07.18"]
[Round "6"]
[White "Diaz Hernandez, Heriberto"]
[Black "Garcia Gil, Javier"]
[Result "1-0"]
[WhiteElo "2353"]
[BlackElo "2143"]
[PlyCount "57"]
[EventDate "2019.07.13"]
[EventType "swiss"]
[EventRounds "9"]
[EventCountry "ESP"]
[SourceTitle "EXT 2020"]
[Source "ChessBase"]
[SourceDate "2019.10.17"]
[SourceVersion "1"]
[SourceVersionDate "2019.10.17"]
[SourceQuality "1"]

1. e4 c6 2. Nc3 d5 3. Nf3 Nf6 4. e5 Ne4 5. Ne2 Qb6 6. d4 e6 7. Ng3 c5 8. Bd3 Nxg3 9. fxg3 Be7 10. 0-0 c4 11. Be2 Nc6 12. c3 Bd7 13. Qc2 0-0 14. Kh1 Qd8 15. g4 Be8 16. g5 b5 17. Be3 Kh8 18. h4 b4 19. Rf2 Rb8 20. Raf1 Qa5 21. g6 hxg6 22. Ng5 Bxg5 23. Bxg5 Qxa2 24. Qc1 Kh7 25. h5 gxh5 26. Bxh5 f5 27. Bxe8 Rfxe8 28. g4 g6 29. Bf6 1-0

[Event "Barcelona Sant Marti op 21st"]
[Site "Barcelona"]
[Date "2019.07.17"]
[Round "5"]
[White "Loiseau, Quentin"]
[Black "Diaz Hernandez, Heriberto"]
[Result "1-0"]
[WhiteElo "2472"]
[BlackElo "2353"]
[PlyCount "49"]
[EventDate "2019.07.13"]
[EventType "swiss"]
[EventRounds "9"]
[EventCountry "ESP"]
[SourceTitle "EXT 2020"]
[Source "ChessBase"]
[SourceDate "2019.10.17"]
[SourceVersion "1"]
[SourceVersionDate "2019.10.17"]
[SourceQuality "1"]

1. e4 e5 2. Nf3 Nc6 3. d4 exd4 4. Nxd4 Qf6 5. Nb5 Bc5 6. Qe2 Bb6 7. N1c3 Nge7 8. Be3 Ba5 9. 0-0-0 a6 10. Nd5 Nxd5 11. exd5 axb5 12. Bd4+ Qe7 13. dxc6 Qxe2 14. Bxe2 bxc6 15. Bxg7 Rg8 16. Bf6 d5 17. Bd3 h5 18. f3 Be6 19. g4 hxg4 20. Bh7 Rf8 21. f4 d4 22. Rxd4 Bb6 23. Be4 Bd5 24. Bxd5 cxd5 25. Rxd5 1-0

[Event "Barcelona Sant Marti op 21st"]
[Site "Barcelona"]
[Date "2019.07.13"]
[Round "1"]
[White "Rojas Fernandez, Andres"]
[Black "Diaz Hernandez, Heriberto"]
[Result "0-1"]
[WhiteElo "1915"]
[BlackElo "2353"]
[PlyCount "56"]
[EventDate "2019.07.13"]
[EventType "swiss"]
[EventRounds "9"]
[EventCountry "ESP"]
[SourceTitle "EXT 2020"]
[Source "ChessBase"]
[SourceDate "2019.10.17"]
[SourceVersion "1"]
[SourceVersionDate "2019.10.17"]
[SourceQuality "1"]

1. d4 d5 2. Bf4 Nf6 3. Nf3 c5 4. e3 Nc6 5. c3 Qb6 6. Qb3 c4 7. Qxb6 axb6 8. Nbd2 b5 9. a3 Bf5 10. Nh4 Be6 11. Be2 h6 12. Nhf3 g5 13. Bg3 Nh5 14. Bc7 Kd7 15. Ne5+ Kxc7 16. Bxh5 Bg7 17. f4 b4 18. cxb4 Nxb4 19. Rc1 Bxe5 20. axb4 Bd6 21. 0-0 Bxb4 22. Rf2 gxf4 23. exf4 f6 24. f5 Bxd2 25. Rxd2 Bxf5 26. Re1 Be4 27. Bf3 f5 28. b3 b5 0-1

[Event "Platja d'Aro op-A 7th"]
[Site "Platja d'Aro"]
[Date "2019.06.29"]
[Round "7"]
[White "Ayats Llobera, Gerard"]
[Black "Diaz Hernandez, Heriberto"]
[Result "1/2-1/2"]
[WhiteElo "2377"]
[BlackElo "2353"]
[PlyCount "23"]
[EventDate "2019.06.24"]
[EventType "swiss"]
[EventRounds "9"]
[EventCountry "ESP"]
[SourceTitle "CBM 191 Extra"]
[Source "ChessBase"]
[SourceDate "2019.09.30"]
[SourceVersion "1"]
[SourceVersionDate "2019.09.30"]
[SourceQuality "1"]

1. e4 e5 2. Nf3 Nc6 3. Bc4 Bc5 4. c3 Nf6 5. d3 a6 6. a4 d6 7. 0-0 Ba7 8. h3 h6 9. Be3 0-0 10. Bxa7 Rxa7 11. Re1 a5 12. Nbd2 1/2-1/2

[Event "Carlos Torre Memorial op 30th"]
[Site "Merida"]
[Date "2018.12.14"]
[Round "2"]
[White "Vorontsov, Pavlo"]
[Black "Diaz Hernandez, Heriberto"]
[Result "1-0"]
[WhiteElo "2548"]
[BlackElo "2351"]
[PlyCount "101"]
[EventDate "2018.12.14"]
[EventType "swiss"]
[EventRounds "9"]
[EventCountry "MEX"]
[SourceTitle "CBM 187 Extra"]
[Source "ChessBase"]
[SourceDate "2018.11.04"]
[SourceVersion "1"]
[SourceVersionDate "2018.11.04"]
[SourceQuality "1"]

1. c4 Nf6 2. Nc3 e5 3. Nf3 Nc6 4. e3 Bb4 5. Qc2 0-0 6. Nd5 Re8 7. a3 Bf8 8. Ng5 g6 9. h4 d6 10. Nxf6+ Qxf6 11. Ne4 Qe7 12. d3 f5 13. Nc3 Be6 14. Bd2 Qf7 15. 0-0-0 Ne7 16. h5 d5 17. hxg6 hxg6 18. g4 dxc4 19. dxc4 Bxc4 20. Bxc4 Qxc4 21. gxf5 Nxf5 22. Rdg1 Kf7 23. Rh7+ Bg7 24. Rxg7+ Kxg7 25. Qxf5 Qf1+ 26. Rxf1 gxf5 27. e4 fxe4 28. Nxe4 Kg6 29. Bc3 Kf5 30. Re1 Rad8 31. Ng3+ Kf4 32. Re3 Rd7 33. Ne2+ Kf5 34. f4 e4 35. Be5 Rd3 36. Ng3+ Ke6 37. Rxd3 exd3 38. Kd2 Kd5 39. Kxd3 c5 40. Ne4 c4+ 41. Ke3 Rd8 42. Nf6+ Ke6 43. Ke4 Rd2 44. f5+ Kf7 45. Ng4 Re2+ 46. Kf3 Re1 47. Bc3 Rf1+ 48. Ke4 b5 49. Nh6+ Ke7 50. f6+ Ke6 51. f7 1-0

[Event "Montreal Varennes op"]
[Site "Montreal"]
[Date "2018.10.07"]
[Round "5"]
[White "Talukdar, Rohan Shyam"]
[Black "Diaz Hernandez, Heriberto"]
[Result "1-0"]
[WhiteElo "2279"]
[BlackElo "2353"]
[PlyCount "59"]
[EventDate "2018.10.05"]
[EventType "swiss"]
[EventRounds "5"]
[EventCountry "CAN"]
[SourceTitle "CBM 187 Extra"]
[Source "ChessBase"]
[SourceDate "2018.11.04"]
[SourceVersion "1"]
[SourceVersionDate "2018.11.04"]
[SourceQuality "1"]

1. e4 e5 2. Nf3 Nc6 3. Bc4 Bc5 4. d3 Nf6 5. Nbd2 a6 6. Bb3 0-0 7. 0-0 d6 8. c3 Ba7 9. h3 h6 10. Re1 Nh5 11. Nf1 Qf6 12. Be3 Bxe3 13. Rxe3 Bd7 14. d4 Rad8 15. Ba4 b5 16. Bc2 Na5 17. Nxe5 dxe5 18. Qxh5 exd4 19. e5 Qb6 20. cxd4 Qxd4 21. Rd1 Qxb2 22. Re2 Qb4 23. Rxd7 Rxd7 24. Qf5 Rfd8 25. Qh7+ Kf8 26. Qh8+ Ke7 27. Qxg7 Qc4 28. Ng3 Rd1+ 29. Kh2 Qe6 30. Bf5 1-0

[Event "Montreal Varennes op"]
[Site "Montreal"]
[Date "2018.10.06"]
[Round "3"]
[White "Sambuev, Bator"]
[Black "Diaz Hernandez, Heriberto"]
[Result "1/2-1/2"]
[WhiteElo "2492"]
[BlackElo "2353"]
[PlyCount "88"]
[EventDate "2018.10.05"]
[EventType "swiss"]
[EventRounds "5"]
[EventCountry "CAN"]
[SourceTitle "CBM 187 Extra"]
[Source "ChessBase"]
[SourceDate "2018.11.04"]
[SourceVersion "1"]
[SourceVersionDate "2018.11.04"]
[SourceQuality "1"]

1. e4 e5 2. Nf3 Nc6 3. Bb5 a6 4. Bxc6 dxc6 5. Nc3 f6 6. d4 exd4 7. Nxd4 c5 8. Nde2 Qxd1+ 9. Nxd1 Be6 10. Bf4 0-0-0 11. Ne3 c4 12. Rd1 Rxd1+ 13. Nxd1 Bc5 14. Be3 Bd6 15. Nd4 Bd7 16. Bd2 Ne7 17. Ne3 b5 18. c3 Re8 19. Kd1 c5 20. Ndf5 Nxf5 21. Nxf5 Bxf5 22. exf5 Kd7 23. g4 Kc6 24. h3 b4 25. Rg1 a5 26. h4 Re7 27. Be3 Be5 28. Kc2 a4 29. a3 bxc3 30. bxc3 Rb7 31. f4 Bd6 32. g5 Be7 33. h5 Rd7 34. Bd2 Bf8 35. gxf6 gxf6 36. Rg8 Rf7 37. Rg1 Rg7 38. Re1 Re7 39. Be3 Bh6 40. Kd2 Rb7 41. Kc2 Re7 42. Kd2 Rb7 43. Kc2 Re7 44. Kd2 Rb7 1/2-1/2

[Event "Montreal Varennes op"]
[Site "Montreal"]
[Date "2018.10.05"]
[Round "1"]
[White "Durette, Francis"]
[Black "Diaz Hernandez, Heriberto"]
[Result "0-1"]
[WhiteElo "2070"]
[BlackElo "2353"]
[PlyCount "64"]
[EventDate "2018.10.05"]
[EventType "swiss"]
[EventRounds "5"]
[EventCountry "CAN"]
[SourceTitle "CBM 187 Extra"]
[Source "ChessBase"]
[SourceDate "2018.11.04"]
[SourceVersion "1"]
[SourceVersionDate "2018.11.04"]
[SourceQuality "1"]

1. Nf3 d5 2. c4 c6 3. e3 Nf6 4. d4 Bf5 5. Nc3 e6 6. Be2 h6 7. 0-0 Nbd7 8. b3 Bd6 9. Bb2 0-0 10. Bd3 Bxd3 11. Qxd3 Bb4 12. Nd2 e5 13. a3 e4 14. Qe2 Bd6 15. f3 exf3 16. Qxf3 Qa5 17. b4 Qc7 18. g3 dxc4 19. Nxc4 Nb6 20. Nxb6 Qxb6 21. Rab1 a5 22. Na4 Qb5 23. Nc5 axb4 24. axb4 Rae8 25. e4 Bxc5 26. dxc5 Nxe4 27. Qg4 f6 28. Bc1 Ng5 29. h4 Re4 30. Qf5 Qd3 31. Bxg5 Qxg3+ 32. Kh1 Re2 0-1

[Event "Mexican op 64th"]
[Site "Aguascalientes"]
[Date "2018.04.01"]
[Round "9"]
[White "Diaz Hernandez, Heriberto"]
[Black "Bruzon Batista, Lazaro"]
[Result "0-1"]
[WhiteElo "2392"]
[BlackElo "2673"]
[PlyCount "62"]
[EventDate "2018.03.27"]
[EventType "swiss"]
[EventRounds "9"]
[EventCountry "MEX"]
[SourceTitle "EXT 2019"]
[Source "ChessBase"]
[SourceDate "2018.10.10"]
[SourceVersion "1"]
[SourceVersionDate "2018.10.10"]
[SourceQuality "1"]

1. e4 c5 2. Nf3 e6 3. d4 cxd4 4. Nxd4 Nc6 5. Nc3 Qc7 6. Be3 a6 7. Qd2 Nf6 8. f4 b5 9. e5 b4 10. Ncb5 axb5 11. Nxb5 Qb8 12. exf6 gxf6 13. c4 bxc3 14. bxc3 Ba6 15. a4 Be7 16. Rb1 d5 17. Bd3 Qc8 18. 0-0 Qd7 19. Kh1 f5 20. Be2 0-0 21. c4 Rad8 22. Rfd1 Qc8 23. Bb6 Rd7 24. cxd5 Rxd5 25. Qc3 Rxd1+ 26. Rxd1 Nb4 27. Bc4 h6 28. Nd6 Bxd6 29. Qg3+ Kh7 30. Bxa6 Qc6 31. Qf2 Nxa6 0-1

[Event "Latin Cup-A 9th"]
[Site "Lima"]
[Date "2018.02.02"]
[Round "7"]
[White "Diaz Hernandez, Heriberto"]
[Black "Quintiliano Pinto, Renato Rodrigues"]
[Result "1-0"]
[WhiteElo "2388"]
[BlackElo "2431"]
[PlyCount "55"]
[EventDate "2018.01.29"]
[EventType "tourn"]
[EventRounds "9"]
[EventCountry "PER"]
[SourceTitle "CBM 182 Extra"]
[Source "ChessBase"]
[SourceDate "2018.02.23"]
[SourceVersion "1"]
[SourceVersionDate "2018.02.23"]
[SourceQuality "1"]

1. e4 c5 2. Nf3 d6 3. Bb5+ Nd7 4. d4 cxd4 5. Qxd4 a6 6. Bxd7+ Bxd7 7. c4 Rc8 8. Nc3 e5 9. Qd3 Qc7 10. b3 b5 11. Nd5 Qb7 12. a4 bxc4 13. bxc4 Nf6 14. 0-0 Qc6 15. Bg5 Nxd5 16. cxd5 Qc4 17. Qe3 f6 18. Rfc1 Qb4 19. Rab1 Rxc1+ 20. Qxc1 Qxa4 21. Rb8+ Kf7 22. Bd2 Bg4 23. h3 Bxf3 24. gxf3 Kg6 25. Kg2 Qd7 26. Qc6 Qf7 27. Qc8 f5 28. Rb7 1-0

[Event "Carlos Torre Memorial op 29th"]
[Site "Merida"]
[Date "2017.12.14"]
[Round "2"]
[White "Friedel, Joshua E"]
[Black "Diaz Hernandez, Heriberto"]
[Result "1-0"]
[WhiteElo "2561"]
[BlackElo "2380"]
[PlyCount "83"]
[EventDate "2017.12.14"]
[EventType "swiss"]
[EventRounds "9"]
[EventCountry "MEX"]
[SourceTitle "CBM 182 Extra"]
[Source "ChessBase"]
[SourceDate "2018.02.23"]
[SourceVersion "1"]
[SourceVersionDate "2018.02.23"]
[SourceQuality "1"]

1. d4 d5 2. c4 c6 3. Nf3 Nf6 4. Nc3 dxc4 5. a4 Bf5 6. Nh4 e6 7. Nxf5 exf5 8. e3 Bb4 9. Bxc4 0-0 10. Qc2 g6 11. 0-0 Nbd7 12. f3 Qa5 13. Kh1 c5 14. Na2 cxd4 15. Nxb4 Qxb4 16. exd4 Nb6 17. Bb3 Qxd4 18. Rd1 Qe5 19. Bh6 Rfe8 20. Qd2 Rac8 21. Re1 Qc5 22. Rac1 Rxe1+ 23. Qxe1 Qd6 24. Rd1 Re8 25. Qc3 Qe5 26. Qxe5 Rxe5 27. Kg1 Nbd7 28. Bc4 Nb6 29. Bb5 Rd5 30. Rc1 a6 31. Bf1 Ne8 32. Be3 Nxa4 33. b3 Nb2 34. Rc8 Kf8 35. Bc1 Ke7 36. Bxb2 Kd7 37. Rb8 Nd6 38. Ba3 Nb5 39. Bb4 Kc6 40. Rc8+ Kb6 41. Bc4 Rd1+ 42. Kf2 1-0

[Event "Mexican op 63rd"]
[Site "Leon"]
[Date "2017.04.13"]
[Round "4"]
[White "Obregon Rivero, Juan Carlos"]
[Black "Diaz Hernandez, Heriberto"]
[Result "1-0"]
[WhiteElo "2529"]
[BlackElo "2331"]
[PlyCount "101"]
[EventDate "2017.04.11"]
[EventType "swiss"]
[EventRounds "9"]
[EventCountry "MEX"]
[SourceTitle "CBM 177 Extra"]
[Source "ChessBase"]
[SourceDate "2017.04.27"]
[SourceVersion "1"]
[SourceVersionDate "2017.04.27"]
[SourceQuality "1"]

1. e4 e5 2. Nf3 Nc6 3. Bb5 a6 4. Bxc6 dxc6 5. 0-0 Bg4 6. h3 h5 7. d3 Qf6 8. Be3 Bxf3 9. Qxf3 Qxf3 10. gxf3 Bd6 11. Nd2 Ne7 12. Rfb1 f6 13. b4 g5 14. a4 Ng6 15. Kf1 Kd7 16. a5 Nf4 17. Bxf4 gxf4 18. c4 Rhg8 19. c5 Be7 20. d4 Ke6 21. Nb3 Rad8 22. Rd1 Rd7 23. Ra2 Rgd8 24. Ke2 Bf8 25. Rad2 Bg7 26. d5+ Ke7 27. b5 axb5 28. dxc6 Rxd2+ 29. Rxd2 bxc6 30. Rxd8 Kxd8 31. a6 Kc8 32. Na5 Kb8 33. Nxc6+ Ka8 34. Nd8 c6 35. Nxc6 Bf8 36. Nd8 Bxc5 37. Ne6 Bb6 38. Ng7 h4 39. Nf5 b4 40. Nxh4 Bxf2 41. Nf5 Ka7 42. Kxf2 b3 43. Nd6 Kxa6 44. Nc4 Kb5 45. Nd2 b2 46. Ke2 Kb4 47. Kd3 f5 48. exf5 e4+ 49. fxe4 f3 50. Kc2 Ka3 51. Nxf3 1-0

[Event "Villahermosa Jugando op"]
[Site "Villahermosa"]
[Date "2016.10.29"]
[Round "3"]
[White "Diaz Hernandez, Heriberto"]
[Black "Becerra Rivero, Julio"]
[Result "0-1"]
[WhiteElo "2367"]
[BlackElo "2550"]
[PlyCount "94"]
[EventDate "2016.10.28"]
[EventType "swiss"]
[EventRounds "9"]
[EventCountry "MEX"]
[SourceTitle "CBM 175 Extra"]
[Source "ChessBase"]
[SourceDate "2016.12.12"]
[SourceVersion "1"]
[SourceVersionDate "2016.12.12"]
[SourceQuality "1"]

1. e4 Nf6 2. Nc3 e5 3. Nf3 Nc6 4. d4 exd4 5. Nxd4 Bb4 6. Nxc6 bxc6 7. Bd3 d5 8. exd5 cxd5 9. 0-0 0-0 10. Bg5 c6 11. Qf3 Bd6 12. Rfe1 Rb8 13. Rab1 h6 14. Bxf6 Qxf6 15. Qxf6 gxf6 16. Ne2 Be5 17. b3 c5 18. f4 Bc7 19. g3 Ba5 20. Red1 Re8 21. Kf2 f5 22. c3 Kg7 23. Rbc1 Kf6 24. Rc2 Bb7 25. Ng1 Bc6 26. Nf3 c4 27. Be2 cxb3 28. axb3 Rxb3 29. Nd4 Bb6 30. Kf1 Bxd4 31. cxd4 Re6 32. Ra1 Rb4 33. Rxa7 Rxd4 34. Bh5 Bb5+ 35. Kg2 Re7 36. Rxe7 Kxe7 37. Rc7+ Bd7 38. Bxf7 Rd2+ 39. Kg1 d4 40. Bb3 Kd6 41. Ra7 d3 42. Ra2 Rxa2 43. Bxa2 Ba4 44. Bc4 d2 45. Be2 d1Q+ 46. Bxd1 Bxd1 47. Kg2 Bg4 0-1

[Event "Mexico City Independencia Cup GM"]
[Site "Mexico City"]
[Date "2016.09.16"]
[Round "6"]
[White "Gonzalez Zamora, Juan Carlos"]
[Black "Diaz Hernandez, Heriberto"]
[Result "1-0"]
[WhiteElo "2502"]
[BlackElo "2367"]
[PlyCount "214"]
[EventDate "2016.09.14"]
[EventType "tourn"]
[EventRounds "9"]
[EventCountry "MEX"]
[EventCategory "7"]
[SourceTitle "CBM 174 Extra"]
[Source "ChessBase"]
[SourceDate "2016.10.10"]
[SourceVersion "1"]
[SourceVersionDate "2016.10.10"]
[SourceQuality "1"]

1. Nf3 Nf6 2. c4 c6 3. g3 d5 4. Qc2 dxc4 5. Qxc4 Bg4 6. Bg2 Nbd7 7. Qc2 e5 8. Nc3 Bd6 9. 0-0 0-0 10. Rd1 Qe7 11. h3 Bh5 12. d3 Rfe8 13. a3 a5 14. g4 Bg6 15. e4 Nc5 16. Be3 Qe6 17. Rab1 Qb3 18. Qe2 Rad8 19. Nd2 Qe6 20. Nc4 Nb3 21. Qc2 Nd4 22. Bxd4 exd4 23. Ne2 Bc7 24. f4 Nxg4 25. hxg4 Qxg4 26. Rf1 Bxe4 27. Rf2 Bf5 28. Rbf1 f6 29. Nc1 Kh8 30. Rf3 Be6 31. Qf2 Bd5 32. Rg3 Qh4 33. Bxd5 Rxd5 34. Rg2 Qxf2+ 35. Rgxf2 Kg8 36. Kg2 b5 37. Nd2 Re3 38. Ne4 f5 39. Ng3 Kf7 40. Re2 Rxe2+ 41. Ncxe2 a4 42. Rc1 c5 43. Kf3 h6 44. Rh1 Ba5 45. Rd1 Kf6 46. Kf2 Rd6 47. Ng1 c4 48. Nf3 c3 49. bxc3 dxc3 50. d4 b4 51. axb4 Bxb4 52. Ne1 Rxd4 53. Rxd4 Bc5 54. Ne2 g5 55. Nc2 gxf4 56. Kf3 Bxd4 57. Nexd4 Ke5 58. Ne2 h5 59. Nxc3 h4 60. Nxa4 h3 61. Nb2 h2 62. Nd3+ Kd5 63. Nf2 Ke5 64. Ne1 Kd4 65. Nh1 Kd5 66. Ng2 Kd4 67. Ne1 Ke5 68. Nc2 Kd5 69. Ne1 Ke5 70. Nf2 Kd4 71. Ng2 Kc4 72. Nxf4 Kd4 73. Kg2 Ke3 74. N2d3 h1R 75. Kxh1 Kf3 76. Kh2 Ke4 77. Kg2 Ke3 78. Kg3 Ke4 79. Kf2 Kd4 80. Kf3 Kc3 81. Ke3 Kc4 82. Ne5+ Kc3 83. Nf3 Kc4 84. Kd2 Kb4 85. Kd3 Kc5 86. Kc3 Kb5 87. Nd4+ Kc5 88. Nc2 Kb5 89. Kd4 Kc6 90. Na3 Kd6 91. Nb5+ Kc6 92. Kc4 Kb6 93. Nd4 Ka5 94. Nc6+ Kb6 95. Nb4 Ka5 96. Nbd5 Ka4 97. Nb6+ Ka5 98. Kc5 Ka6 99. Nc4 Kb7 100. Kd6 Ka7 101. Kc7 Ka6 102. Kc6 Ka7 103. Nd6 Ka6 104. Nb7 Ka7 105. Nc5 Kb8 106. Kd7 Ka7 107. Kc7 Ka8 1-0

[Event "Capablanca Memorial op 50th"]
[Site "Havana"]
[Date "2015.06.18"]
[Round "4"]
[White "Gomez Garrido, Camilo Ernesto"]
[Black "Diaz Hernandez, Heriberto"]
[Result "1-0"]
[WhiteElo "2519"]
[BlackElo "2374"]
[PlyCount "137"]
[EventDate "2015.06.15"]
[EventType "swiss"]
[EventRounds "10"]
[EventCountry "CUB"]
[SourceTitle "EXT 2016"]
[Source "ChessBase"]
[SourceDate "2015.10.08"]
[SourceVersion "1"]
[SourceVersionDate "2015.10.08"]
[SourceQuality "1"]

1. d4 d5 2. c4 c6 3. Nf3 Nf6 4. e3 Bf5 5. Nc3 e6 6. Nh4 Be4 7. f3 Bg6 8. Qb3 Qb6 9. Nxg6 hxg6 10. g3 Nbd7 11. Kf2 Be7 12. Bd2 0-0 13. Kg2 Rfe8 14. Be2 dxc4 15. Bxc4 Qxb3 16. Bxb3 e5 17. Ne2 exd4 18. Nxd4 Bc5 19. Nc2 Rad8 20. Rad1 Bb6 21. e4 Nc5 22. Bc4 Ne6 23. Bc3 Rxd1 24. Rxd1 Rd8 25. Rxd8+ Bxd8 26. Kf1 Kf8 27. Ke2 Ke7 28. Nd4 Nxd4+ 29. Bxd4 b6 30. b4 Ne8 31. Kd3 f6 32. f4 Nd6 33. Bb3 Kd7 34. e5 Nb5 35. exf6 gxf6 36. Bb2 Nd6 37. g4 g5 38. Bc1 Be7 39. Bd2 Bd8 40. Be1 Be7 41. h4 gxh4 42. Bxh4 Ne8 43. Be1 Ng7 44. Ke4 f5+ 45. gxf5 Ne8 46. Be6+ Kd8 47. Bc3 Nf6+ 48. Kf3 Ke8 49. a3 Kd8 50. Be5 Ke8 51. Ke2 Kd8 52. Kd3 Ng4 53. Kc3 Bh4 54. Bd6 Nf6 55. Kc4 Ne4 56. Be5 Ke7 57. Kd3 Nd6 58. Ke2 Ne4 59. a4 Nd6 60. a5 bxa5 61. bxa5 a6 62. Bd4 Nb7 63. Bb6 Nd6 64. Bc5 Bg3 65. Kf3 Be1 66. Bc8 Bc3 67. Kg4 Bf6 68. Kh5 Bc3 69. Kg6 1-0

[Event "Bogota McGregor op 4th"]
[Site "Bogota"]
[Date "2013.12.05"]
[Round "2"]
[White "Diaz Hernandez, Heriberto"]
[Black "Gonzalez Vidal, Yuri"]
[Result "0-1"]
[WhiteElo "2401"]
[BlackElo "2534"]
[PlyCount "61"]
[EventDate "2013.12.04"]
[EventType "swiss"]
[EventRounds "9"]
[EventCountry "COL"]
[SourceTitle "CBM 157 Extra"]
[Source "ChessBase"]
[SourceDate "2013.12.19"]
[SourceVersion "1"]
[SourceVersionDate "2013.12.19"]
[SourceQuality "1"]

1. e4 c5 2. Nf3 e6 3. c4 Nc6 4. Nc3 Nd4 5. d3 Ne7 6. g3 Nec6 7. Bg2 a6 8. 0-0 h5 9. h4 d6 10. Nxd4 cxd4 11. Ne2 e5 12. Bd2 Be7 13. f4 Bg4 14. Bf3 exf4 15. Nxf4 Ne5 16. Bxg4 hxg4 17. Kg2 g5 18. hxg5 Bxg5 19. Rh1 Rxh1 20. Qxh1 Kd7 21. Rd1 Qf6 22. Rf1 Rh8 23. Nh5 Qg6 24. Bxg5 Rxh5 25. Bh4 Nxd3 26. Kh2 Ne5 27. Rf4 Nf3+ 28. Kg2 d3 29. Qd1 d2 30. Qa4+ Kc7 31. Qc2 0-1

[Event "Capablanca Memorial op-A 48th"]
[Site "Havana"]
[Date "2013.04.30"]
[Round "9"]
[White "Diaz Hernandez, Heriberto"]
[Black "Lebredo Zaragoitia, Gerardo"]
[Result "1/2-1/2"]
[WhiteElo "2345"]
[BlackElo "2200"]
[PlyCount "99"]
[EventDate "2013.04.21"]
[EventType "swiss"]
[EventRounds "10"]
[EventCountry "CUB"]
[SourceTitle "CBM 154 Extra"]
[Source "ChessBase"]
[SourceDate "2013.06.25"]
[SourceVersion "2"]
[SourceVersionDate "2013.06.25"]
[SourceQuality "1"]

1. e4 c5 2. Nf3 e6 3. d4 cxd4 4. Nxd4 a6 5. c4 Nf6 6. Nc3 Qc7 7. a3 b6 8. Be3 Bb7 9. f3 Nc6 10. Nxc6 Bxc6 11. Rc1 Bc5 12. Qd2 Bxe3 13. Qxe3 0-0 14. Be2 Nh5 15. e5 g6 16. 0-0 f6 17. Nb5 Qxe5 18. Qxe5 fxe5 19. Nd6 Ng7 20. c5 Nf5 21. Nc4 Bb5 22. Rfe1 Bxc4 23. Rxc4 bxc5 24. Rxc5 Nd4 25. Rxe5 Nxe2+ 26. R1xe2 Rfc8 27. Rd2 Ra7 28. b4 Rc6 29. Ra5 Rb7 30. h4 d5 31. Kf2 Kf7 32. Ke3 Kf6 33. Kd4 Rc4+ 34. Kd3 Rb6 35. Rc2 Rxh4 36. Rc7 Rh2 37. g3 Rf2 38. Ke3 Rb2 39. Kd4 Rd6 40. Rxh7 Rb3 41. f4 Rxg3 42. Kc5 Rd8 43. Rxa6 Rc3+ 44. Kb5 d4 45. Raa7 Kf5 46. Rhe7 Rg8 47. Ka4 d3 48. Red7 Kg4 49. b5 Rc5 50. Rxd3 1/2-1/2

[Event "Capablanca Memorial op-A 48th"]
[Site "Havana"]
[Date "2013.04.23"]
[Round "3"]
[White "Romero Nunez, Wendy"]
[Black "Diaz Hernandez, Heriberto"]
[Result "1/2-1/2"]
[WhiteElo "2107"]
[BlackElo "2345"]
[PlyCount "233"]
[EventDate "2013.04.21"]
[EventType "swiss"]
[EventRounds "10"]
[EventCountry "CUB"]
[SourceTitle "CBM 154 Extra"]
[Source "ChessBase"]
[SourceDate "2013.06.25"]
[SourceVersion "2"]
[SourceVersionDate "2013.06.25"]
[SourceQuality "1"]

1. d4 Nf6 2. Nf3 e6 3. c4 d5 4. Nc3 c6 5. e3 Nbd7 6. Qc2 Bd6 7. b3 0-0 8. Be2 e5 9. cxd5 Nxd5 10. Nxd5 cxd5 11. dxe5 Nxe5 12. Bb2 Bb4+ 13. Kf1 Nxf3 14. Bxf3 Be6 15. h4 Qd7 16. g3 Bf5 17. Qd1 Qb5+ 18. Kg2 Bd3 19. a4 Qa6 20. Bxd5 Rfd8 21. Qf3 Qg6 22. h5 Qf5 23. Qxf5 Bxf5 24. Bxb7 Rab8 25. Bf3 Be7 26. Bd4 a5 27. Be5 Bd6 28. Bxd6 Rxd6 29. Rhd1 Rxd1 30. Rxd1 Be6 31. Bd5 Bg4 32. f3 Bxh5 33. Rc1 Kf8 34. Rc5 Ke7 35. Rxa5 Kd6 36. Bc4 Bg6 37. e4 Rb7 38. Kf2 f6 39. Ke3 Be8 40. Kd4 Bd7 41. Ra6+ Kc7 42. Kc5 h5 43. Bf7 Kd8 44. Rb6 Rc7+ 45. Kb4 Bxa4 46. Bxh5 Bc6 47. Bg4 Ke7 48. Rb8 g6 49. Rc8 Rb7+ 50. Kc4 Bb5+ 51. Kc5 Be2 52. b4 Rb5+ 53. Kd4 Rxb4+ 54. Ke3 Bd1 55. Rc7+ Ke8 56. Rg7 Rb3+ 57. Kf2 g5 58. Bh5+ Kd8 59. Rf7 Rb6 60. Ke1 Bb3 61. Ra7 Be6 62. Kd2 Rb2+ 63. Ke3 Rg2 64. Bf7 Bd7 65. g4 Rc2 66. Kd4 Rd2+ 67. Ke3 Rc2 68. Bd5 Rc3+ 69. Kd2 Rxf3 70. e5 Rf4 71. e6 Rd4+ 72. Ke3 Rxd5 73. exd7 Rxd7 74. Ra4 Ke7 75. Ke4 Rd1 76. Ra7+ Ke6 77. Ra6+ Rd6 78. Ra5 Rb6 79. Ra4 Rb1 80. Ra6+ Kf7 81. Kf3 Rb3+ 82. Kf2 Rd3 83. Kg2 Ke7 84. Kf2 Rd6 85. Ra4 Ke6 86. Ke3 Rd5 87. Ra6+ Ke5 88. Ra8 Rb5 89. Re8+ Kd6 90. Rd8+ Ke6 91. Re8+ Kf7 92. Ra8 Rb3+ 93. Kf2 Rb5 94. Ra6 Rd5 95. Kf3 Ke7 96. Ke4 Rd6 97. Ra7+ Ke6 98. Ra5 Rb6 99. Kf3 Rb3+ 100. Kf2 Rd3 101. Rb5 Rd5 102. Rb4 Ke5 103. Ke3 Rc5 104. Re4+ Kd6 105. Rd4+ Rd5 106. Ra4 Ke6 107. Ra6+ Ke5 108. Ra4 f5 109. gxf5 Kxf5 110. Kf2 Rd2+ 111. Kg1 Rd3 112. Ra1 Kf4 113. Ra4+ Kg3 114. Ra1 Kh3 115. Rb1 Rg3+ 116. Kh1 g4 117. Ra1 1/2-1/2